000 00452nam a22001817a 4500
005 20170622112002.0
010 _aENG-118769
020 _a9789382536444
_c350.00
035 _aEN-102301
037 _bDBAD/PUB
082 _aS
100 _aNitu
245 _aHalf life /
_cby Nitu
260 _aNew Delhi
_bLifi Publications
_c2017
270 _a12, Rajendra Place
_bNew Delhi
_e110008
300 _a123p.
_c21cm(Hb)
942 _2ddc
_cEN
_hS
_mNIT
999 _c141789
_d141789